Smile / (Record no. 168285)

MARC details
000 -LEADER
fixed length control field 00598nam a22002057a 4500
005 - DATE AND TIME OF LATEST TRANSACTION
control field 20191003114329.0
010 ## - LCCN (DPL NO)
LC control number B-730474
020 ## - INTERNATIONAL STANDARD BOOK NUMBER
Terms of availability 525.00
International Standard Book Number 9789352751044
035 ## - SYSTEM CONTROL NUMBER
System control number B-730474
037 ## - SOURCE OF ACQUISITION
Source of stock number/acquisition Scholastic Inc
Stock number dpl
082 ## - DEWEY DECIMAL CLASSIFICATION NUMBER
Classification number S
100 ## - MAIN ENTRY--PERSONAL NAME
Personal name Telgemeier, Raina
245 ## - TITLE STATEMENT
Title Smile /
Remainder of title by Raina Telgemeier; color by Stephanie Yue
260 ## - PUBLICATION, DISTRIBUTION, ETC. (IMPRINT)
Place of publication, distribution, etc New York
Name of publisher, distributor, etc Scholastic Inc
Date of publication, distribution, etc 2017
270 ## - ADDRESS
City New York
300 ## - PHYSICAL DESCRIPTION
Extent 213p.
Dimensions 21cm (pbk)
Other physical details illus.
700 ## - ADDED ENTRY--PERSONAL NAME
Personal name Yue, Stephanie
942 ## - ADDED ENTRY ELEMENTS (KOHA)
Source of classification or shelving scheme Dewey Decimal Classification
Item type Children Books
Classification part S
Call number suffix TEL
Holdings
Withdrawn status Lost status Not for loan Collection code Home library Current library Date acquired Source of acquisition Cost, normal purchase price Full call number Barcode Copy number Cost, replacement price Koha item type
      Fiction Ashok Vihar Ashok Vihar 03/10/2019 Gift/ Eng /26.09.2019 525.00 S TEL B-730474 1 525.00 Children Books

© Delhi Public Library
Hit Counter
free hit counter